Incentive structures as a capacity development strategy in public service delivery : a literature review and annotated bibliography on the role of incentives for civil servants within capacity development policies.

Uloženo v:
Podrobná bibliografie
Hlavní autor: Ulleberg, Inger (autor)
Médium: Kniha
Jazyk:angličtina
Edice:(Rethinking capacity development ; 3)
Témata:
Tagy: Přidat tag
Žádné tagy, Buďte první, kdo vytvoří štítek k tomuto záznamu!

MARC

LEADER 00000cam^a2200000uu^4500
001 000516857
005 20250521000000.0
008 050901s1997^^^^^^^^^^^^rd^r^^000^0^eng^d
009 20260310130345.39
035 |a FCE 000061078 
037 |a Acervo ITESO - Biblioteca 
041 |a eng 
082 0 4 |a 371.2  |b R.C.D. 3 
100 |a Ulleberg, Inger  |e (autor) 
245 1 0 |a Incentive structures as a capacity development strategy in public service delivery :  |b a literature review and annotated bibliography on the role of incentives for civil servants within capacity development policies. 
264 |a Paris :  |b UNESCO : IIEP,  |c 2009. 
300 |a 143 p. 
336 |a texto  |b txt  |2 rdacontenido 
337 |a sin mediación  |b n  |2 rdamedio 
338 |a volumen  |b nc  |2 rdasoporte 
440 0 |a (Rethinking capacity development ; 3) 
649 |a XX 
650 |a Planificación de la educación 
650 |a Bibliografía 
650 |a Funcionarios públicos 
650 |a Incentivos 
650 |a Estrategias educativas 
650 |a Gestión institucional 
650 |a Desarrollo de capacidades 
910 |a Fondo Centro de Estudios Educativos 
920 |a Impresos - Libros 
930 |a Fondos Especiales 
905 |a 133 
901 |a ALE070733  |b IT2  |c CEE  |u 20250521 
902 |a https://opac.biblio.iteso.mx/vufind/Record/000516857